Neler söyledik (Record no. 10599)
[ view plain ]
| 000 -BAŞLIK | |
|---|---|
| Sabit Uzunlukta Kontrol Alanı | 00654na a2200217 4500 |
| 001 - KONTROL NUMARASI | |
| Denetim Alanı | 24034 |
| 003 - KONTROL NUMARASI IDENTIFIER | |
| Denetim Alanı | MIRAKIL |
| 005 - SON İŞLEM TARİHİ VE ZAMANI | |
| Denetim Alanı | 20181213155327.0 |
| 008 - SABİT-BOY VERİ ELEMANLARI - GENEL BİLGİLER | |
| Sabit Uzunlukta Kontrol Alanı | 180227b tu 000 0 |
| 040 ## - KATALOGLAMA KAYNAK | |
| Orijinal Kataloglama Ajansı | Milas |
| Kataloglama Dili | tur |
| Metne Dönüştürmek Ajansı | TR-AnCHP |
| 041 ## - DİL KODU | |
| Metin / Ses Parça Veya Ayrı Başlığın Dil Kodu | tur |
| 082 ## - DEWEY ONLU SINIFLANDIRMA NUMARASI | |
| Sınıflandırma Numarası | 070.561 |
| Ürün Numarası | N34 2016 |
| 090 ## - SINIFLAMA NUMARASI | |
| Sınıflama Numarası | 070.561 N34 2016 |
| 245 ## - BAŞLIK TABLOSU | |
| Başlık | Neler söyledik |
| Başlığın Kalan | Basın açıklamalarımız |
| Sorumluluk Tablosu, Vb | hazırlayan Ediz Altındiş |
| 250 ## - EDITION TABLOSU | |
| Baskı Beyanı | 3. bs. |
| 260 ## - YAYIN, DAĞITIM, VB | |
| Yayın, Dağıtım, Vb Yeri | İstanbul |
| Yayıncı, Dağıtıcı, Vs Adı | UHİM |
| Yayın, Dağıtım, Vb Tarihi | 2016 |
| Üretici Firma | Taya iletişim |
| 300 ## - FİZİKSEL TANIM | |
| Kapsam | 280 s. |
| Boyutlar | 23 sm. |
| 610 ## - KONU KATMA GİRİŞ - TOPLANTI ADI | |
| Giriş Elemanı Olarak Kurumsal Ad Veya Yargı Alanı Adı | Uluslararası Hak İhlalleri İzleme Merkezi (UHİM) |
| Genel Alt Bölüm | Basın açıklamaları |
| 700 ## - KATMA GİRİŞ - KİŞİSEL İSİM | |
| Kişisel Ad | Altındiş, Ediz |
| Relator Terim | haz. |
| 942 ## - EKLENDİ GİRİŞ ELEMANLARI (KOHA) | |
| Sınıflandırma Veya Raf Düzeni Kaynak | Dewey Decimal Classification |
| Koha Öğesi Türü | Books |
| 999 ## - SİSTEM KONTROL NUMARALARI (KOHA) | |
| Koha Biblionumber | 10599 |
| Koha Biblioitemnumber | 10599 |
| Kalıcı Konum | Mevcut Konum | Edinme Tarihi | Edinim Kaynak | Toplam Check-Out'Lar | Tam Çağrı Numarası | Barkod | Tarih Son Görülme | İtibaren Geçerli Fiyatlar | Koha Öğesi Türü |
|---|---|---|---|---|---|---|---|---|---|
| CHP Kütüphanesi | CHP Kütüphanesi | 02/27/2018 | Bağış | 070.561 N34 2016 | 018055 | 02/27/2018 | 02/27/2018 | Books |
